The most remote countries - Statistics

General Stats
  • This quiz has been taken 160 times
  • The average score is 29 of 44
Answer Stats
Distance (km) Country % Correct
2090 Australia
95%
2540 New Zealand
95%
1720 Russia
89%
1140 China
88%
1210 Kiribati
86%
1640 Micronesia
85%
1340 Tuvalu
84%
1980 Canada
83%
1190 Indonesia
83%
1360 Palau
83%
1210 Samoa
83%
1340 Samoa
83%
2540 Tonga
83%
1980 United States
83%
1030 Fiji
82%
1030 Solomon Islands
80%
1630 Solomon Islands
80%
1630 Papua New Guinea
75%
1640 Papua New Guinea
75%
1450 Iceland
74%
1170 Philippines
74%
1340 Philippines
74%
1360 Philippines
74%
1140 Madagascar
73%
1140 Mongolia
73%
1720 Mongolia
73%
1500 Seychelles
69%
1140 Mauritius
68%
1500 Comoros
67%
1410 Brazil
65%
1190 East Timor
65%
2090 East Timor
65%
1340 Taiwan
65%
1560 Mexico
56%
1450 Ireland
55%
1410 Bolivia
53%
1170 Brunei
46%
1560 Guatemala
42%
1050 Malta
31%
1050 Libya
29%
1080 Morocco
15%
1090 Namibia
14%
1090 Angola
13%
1080 Portugal
13%
No matching quizzes found
Score Distribution
Percent of People with Each Score
Percentile by Number Answered
Your Score History
You have not taken this quiz